Ultimate Movie Quote Quiz - Statistics

General Stats
  • This quiz has been taken 23 times
  • The average score is 18 of 42
Answer Stats
Hint Answer % Correct
1999 “Welcome to ___________. The first rule of ___________ is: you do not talk about _____________ . The second rule of _______________ is: you do not talk about _______________!” Fight Club
85%
1991 “A census taker once tried to test me. I ate his liver with some fava beans and a nice Chianti.” Silence of the Lambs
80%
1980 "No, I am your father" The Empire Strikes Back
80%
1975 "We're gonna need a bigger boat" Jaws
75%
1972 “Leave the gun. Take the cannoli.” The Godfather
75%
1939 "There's no place like home" The Wizard of Oz
75%
1981 "I hate snakes, Jock! I hate 'em!" Raiders of the Lost Ark
70%
1967 "Mrs. Robinson, you're trying to seduce me" The Graduate
70%
1985 Roads? Where we're going we don't need roads Back to the Future
65%
1942 "Of All The Gin Joints In All The Towns In All The World, She Walks Into Mine." Casablanca
65%
1990 “For as long as I can remember I always wanted to be a gangster" Goodfellas
65%
1994 "English, mother f*cker, do you speak it?" Pulp Fiction
65%
1994 I hope I can make it across the border. I "I hope to see my friend and shake his hand. I hope the Pacific is as blue as it has been in my dreams. I hope". The Shawshank Redemption
65%
2014 "Not my f*cking tempo!" Whiplash
65%
2008 "You either die a hero, or you live long enough to see yourself become the villain." The Dark Knight
60%
1993 “This list... is an absolute good. The list is life. All around its margins lies the gulf.” Schindler's List
50%
2007 "I drink your milkshake....I drink it up!" There Will Be Blood
50%
1957 "I have a reasonable doubt" 12 Angry Men
45%
1979 "The horror.....the horror" Apocalypse Now
45%
1989 "Never rub another mans rhubarb" Batman
45%
2003 "Then let us be rid of it... once and for all! Come on, Mr._____. I can't carry it for you... but I can carry you!” Lord of the Rings Return of the King
45%
2007 "What's the most you ever lost on a coin toss?" No Country For Old Men
45%
2012 "Gentlemen, you had my curiosity....but now you have my attention" Django Unchained
40%
2019 "I used to think that my life was a tragedy. But now I realize, It's a f*cking comedy" Joker
40%
1960 "We all go a little mad sometimes" Psycho
40%
1977 “I find your lack of faith disturbing.” Star Wars a New Hope
35%
1992 “Do you know what this is? It's the world's smallest violin playing just for the waitresses.” Reservoir Dogs
30%
1998 “I just know that every man I kill the farther away from home I feel.” Saving Private Ryan
30%
2006 "When I was your age, they would say you could become cops or criminals; today what I'm saying to you is this: When facing a loaded gun, what's the difference?" The Departed
30%
2018 "The hardest choices require the strongest wills" Avengers Infinity War
25%
2003 “I’m dishonest, and a dishonest man you can always trust to be dishonest. Honestly, it’s the honest ones you want to watch out for, because you can never predict when they’re going to do something incredibly stupid.” Pirates of the Caribbean Curse of the Black Pearl
25%
2002 “When you kill a king, you don't stab him in the dark. You kill him where the entire court can watch him die.” Gangs of New York
20%
2009 "I think this might just be my masterpiece" Inglorious Basterds
20%
1995 Ernest Hemingway once wrote, "The world is a fine place and worth fighting for." I believe the second part. Se7en
20%
1974 "Look what your brother did to the door!" The Texas Chainsaw massacre
20%
2019 "I suspect foul play" Knives Out
15%
2010 “Which would be worse: To live as a monster, or to die as a good man?” Shutter Island
15%
2015 "Wouldst thou like to live deliciously?" The Witch
15%
1988 "It's showtime" Beetlejuice
10%
2017 "A man has to be what he is, Joey. Can’t break the mold. There’s no living with the killing. There’s no going back. Right or wrong, it’s a brand. A brand that sticks. Now you run on home to your mother. You tell her everything’s alright. There are no more guns in the valley" Logan
10%
2000 "I'm somebody now, Harry. Everybody likes me. Soon, millions of people will see me and they'll all like me. I'll tell them about you, and your father, how good he was to us. Remember? It's a reason to get up in the morning. It's a reason to lose weight, to fit in the red dress. It's a reason to smile. It makes tomorrow all right....” Requiem for a Dream
10%
2001 "You can't raise boys to be scared of life. You gotta brew some recklessness into them" The Royal Tenenbaums
10%
No matching quizzes found
Score Distribution
Percent of People with Each Score
Percentile by Number Answered
Your Score History
You have not taken this quiz